[Event "G7-2"]
[Site "Svendborg"]
[Date "2019.04.22"]
[Round "7"]
[White "Jacobsen, Knud"]
[Black "Rasmussen, Johnny Koust"]
[Result "1-0"]
[WhiteElo "1721"]
[BlackElo "1821"]
[EventDate "2019.04.16"]
[EventRounds "7"]
[EventCountry "DEN"]
[WhiteFideId "1462253"]
[BlackFideId "1422383"]

1. e4 e5 2. Nf3 Nc6 3. Bb5 a6 4. Ba4 d6 5. O-O Nf6 6. Re1 Be7 7. c3 O-O 8. h3 b5 9. Bc2 Re8 10. d3 h6 11. Nbd2 Nh7 12. Nf1 f5 13. exf5 Bxf5 14. Ng3 Bg6 15. d4 Bxc2 16. Qxc2 Ng5 17. Nxg5 Bxg5 18. Bxg5 Qxg5 19. d5 Ne7 20. Ne4 Qg6 21. Rad1 Rf8 22. c4 Rac8 23. Re3 Rf4 24. b3 Nf5 25. Ng3 Nh4 26. Qxg6 Nxg6 27. cxb5 axb5 28. Rc3 b4 29. Rc2 Ra8 30. f3 Ra7 31. Rdc1 Rd4 32. Rxc7 Rxa2 33. Nf5 Nf4 34. Rxg7+ Kh8 35. Rc8#  1-0